Ágora de la libertad (Record no. 189828)

MARC details
000 -LEADER
campo de control de longitud fija 02257nam a2200361 i 4500
001 - NÚMERO DE CONTROL
campo de control 189828
003 - IDENTIFICADOR DE NÚMERO DE CONTROL
campo de control SpMaBN
005 - FECHA Y HORA DE LA ÚLTIMA TRANSACCIÓN
campo de control 20250719063327.0
008 - DATOS DE LONGITUD FIJA--INFORMACIÓN GENERAL
campo de control de longitud fija 191202s20182019sp cf |||| |dspa d
017 ## - NÚMERO DE COPYRIGHT O DE DEPÓSITO LEGAL
Número de copyright o de depósito legal M 9374-2015
Agencia que asigna Oficina Depósito Legal Madrid
017 ## - NÚMERO DE COPYRIGHT O DE DEPÓSITO LEGAL
Número de copyright o de depósito legal SE 1955-2019
Agencia que asigna Oficina Depósito Legal Sevilla
020 ## - NÚMERO INTERNACIONAL ESTÁNDAR DEL LIBRO
Número Internacional Estándar del Libro 978-84-16300-63-1
080 ## - NÚMERO DE LA CLASIFICACIÓN DECIMAL UNIVERSAL
Número de la Clasificación Decimal Universal 061.22(460.27 M.)(091)
100 1# - ENTRADA PRINCIPAL--NOMBRE DE PERSONA
Nombre de persona Olmos, Víctor,
Fechas asociadas al nombre 1935-
9 (RLIN) 86991
Término indicativo de función/relación Autor
245 10 - MENCIÓN DEL TÍTULO
Título Ágora de la libertad
Resto del título : historia del Ateneo de Madrid /
Mención de responsabilidad, etc. Víctor Olmos.
260 #1 - PUBLICACIÓN, DISTRIBUCIÓN, ETC.
Lugar de publicación, distribución, etc. Valencina de la Concepción (Sevilla) :
Nombre del editor, distribuidor, etc. Ulises,
Fecha de publicación, distribución, etc. 2018-2019
300 ## - DESCRIPCIÓN FÍSICA
Extensión volúmenes <1-3> :
Otras características físicas 1695 páginas, 96 páginas de láminas (color y blanco y negro) ;
Dimensiones 24 cm
500 ## - NOTA GENERAL
Nota general En 3 volúmenes
504 ## - NOTA DE BIBLIOGRAFÍA, ETC.
Nota de bibliografía, etc. Incluye referencias bibliográficas e índices
505 8# - NOTA DE CONTENIDO CON FORMATO
Nota de contenido con formato Contiene: I. 1820-1923 / presentación de César Navarro ; prólogo de Pedro J. Ramírez (591 páginas, [30] páginas de láminas) -- II. 1923-1962 / presentación de César Navarro (698 páginas, [32] páginas de láminas) -- III. 1962-2019 / presentación de Juan Armindo Hernández Montero (706 páginas, [32] páginas de láminas)
505 8# - NOTA DE CONTENIDO CON FORMATO
Nota de contenido con formato Anexos: I. Los 92 fundadores del Ateneo Español de 1820; Los 307 fundadores del Ateneo de Madrid de 1835; Juntas de gobierno del Ateneo de Madrid de 1835 a 1923 -- II. Juntas de gobierno del Ateneo de Madrid (1923 a 1962) -- III. Juntas de gobierno del Ateneo de Madrid 1963-2019; Reglamento del Ateneo de Madrid; Secciones, tertulias, cátedras, agrupaciones
610 27 - PUNTO DE ACCESO ADICIONAL DE MATERIA--NOMBRE DE ENTIDAD CORPORATIVA
Nombre de entidad corporativa o nombre de jurisdicción como elemento de entrada Ateneo Español
Fuente del encabezamiento o término Historia
9 (RLIN) 145825
610 24 - PUNTO DE ACCESO ADICIONAL DE MATERIA--NOMBRE DE ENTIDAD CORPORATIVA
Nombre de entidad corporativa o nombre de jurisdicción como elemento de entrada Ateneo de Madrid-
Subdivisión de forma Historia
9 (RLIN) 1925
700 1# - ENTRADA AGREGADA--NOMBRE PERSONAL
Nombre de persona Navarro de Francisco, César,
Fechas asociadas al nombre 1932-
9 (RLIN) 85113
700 1# - ENTRADA AGREGADA--NOMBRE PERSONAL
Nombre de persona Ramírez, Pedro J.,
Fechas asociadas al nombre 1952-
9 (RLIN) 95106
700 1# - ENTRADA AGREGADA--NOMBRE PERSONAL
Nombre de persona Hernández Montero, Juan Armindo
9 (RLIN) 168574
852 4# - LOCALIZACIÓN
Ubicación ES-MaACL
Número de control de estantería A-14555
Designación de la unidad física v.1
itemnumber 19671
Sublocalización o colección R.152807
Ubicación en estantería Depósito 1
Signatura antigua Olim: N-7555
Donativo/Legado Donación: Víctor Olmos
852 4# - LOCALIZACIÓN
Ubicación ES-MaACL
Número de control de estantería A-14556
Designación de la unidad física v.2
itemnumber 201004
Sublocalización o colección R.152807
Ubicación en estantería Depósito 1
Signatura antigua Olim: N-7556
Donativo/Legado Donación: Víctor Olmos
852 4# - LOCALIZACIÓN
Ubicación ES-MaACL
Número de control de estantería A-14557
Designación de la unidad física v.3
itemnumber 201005
Sublocalización o colección R.152807
Ubicación en estantería Depósito 1
Signatura antigua Olim: N-7557
Anotaciones manuscritas Dedicatoria autógrafa del autor
Donativo/Legado Donación: Víctor Olmos
903 ## - NOMBRE PERSONAL DE DONANTE
9 86991
a Olmos, Víctor,
d 1935-
e Donante
942 ## - ELEMENTOS DE ENTRADA SECUNDARIOS (KOHA)
Fuente del sistema de clasificación o colocación Clasificación decimal universal
Tipo de ítem Koha Libro impreso
Holdings
Estatus retirado Estado de pérdida Fuente del sistema de clasificación o colocación Estado de daño No para préstamo Biblioteca de origen Biblioteca actual Ubicación en estantería Fecha de adquisición Fuente de adquisición Enumeración/cronología de publicación seriada Total de préstamos Signatura topográfica completa Código de barras Visto por última vez Precio de reemplazo Tipo de ítem Koha Colección Nota pública
    Clasificación decimal universal     Biblioteca del Ateneo de Madrid Biblioteca del Ateneo de Madrid Depósito 1 02/12/2019 Donación v.1   A-14555 1201340 23/02/2023 23/02/2023 Libro impreso    
    Clasificación decimal universal     Biblioteca del Ateneo de Madrid Biblioteca del Ateneo de Madrid Depósito 1 02/12/2019 Donación v.2   A-14556 101206285 05/01/2024 23/02/2023 Libro impreso    
    Clasificación decimal universal     Biblioteca del Ateneo de Madrid Biblioteca del Ateneo de Madrid Depósito 1 02/12/2019 Donación v.3   A-14557 101206284 05/01/2024 23/02/2023 Libro impreso Libros con dedicatorias Dedicatoria autógrafa del autor